000 00248nam a2200097Ia 4500
008 120527s9999 xx 000 0 und d
100 _aANADU,D.I
245 _aFisheries and aqaculture development in Nigeria.
260 _bEagle & Palm.
942 _cBK
999 _c24120
_d24120